Los alumnos como referente básico en la organización cotidiana del trabajo en el aula / (Record no. 2351)

MARC details
000 -CABECERA
campo de control de longitud fija 00820nam a2200229 a 4500
005 - FECHA Y HORA DE LA ÚLTIMA TRANSACCIÓN
campo de control 20240924063926.0
008 - ELEMENTOS DE LONGITUD FIJA--INFORMACIÓN GENERAL
campo de control de longitud fija 991125s1994 mx 000 0 spa u
020 ## - NÚMERO INTERNACIONAL NORMALIZADO PARA LIBROS
Número Internacional Estándar del Libro 9686104211
035 ## - NÚMERO DE CONTROL DEL SISTEMA
Número de control de sistema UPN01000002351
049 ## - COLECCIÓN
Colección CG
050 #4 - SIGNATURA TOPOGRÁFICA DE LA BIBLIOTECA DEL CONGRESO
Número de clasificación LB5
Número de documento/Ítem T47 no.21
100 1# - ASIENTO PRINCIPAL--NOMBRE PERSONAL
Nombre de persona Luna Elizarrarás, María Eugenia
245 14 - MENCIÓN DE TÍTULO
Título Los alumnos como referente básico en la organización cotidiana del trabajo en el aula /
Mención de responsabilidad, etc. María Eugenia Luna Elizarrarás.
260 ## - PUBLICACIÓN, DISTRIBUCIÓN, ETC.
Lugar de publicación, distribución, etc. México :
Nombre del editor, distribuidor, etc. IPN, Centro de Investigación y de Estudios Avanzados, Departamento de Investigaciones Educativas,
Fecha de publicación, distribución, etc. 1994.
300 ## - DESCRIPCIÓN FÍSICA
Extensión 113 p.
440 #0 - MENCIÓN DE SERIE/ASIENTO SECUNDARIO--TÍTULO
Título Tesis DIE ;
Designación de volumen o secuencia 21
650 #4 - ASIENTO SECUNDARIO DE MATERIA - TERMINO TEMATICO
Término de materia o nombre geográfico como elemento de entrada Educación
Subdivisión general Investigación
9 (RLIN) 4070
650 #4 - ASIENTO SECUNDARIO DE MATERIA - TERMINO TEMATICO
Término de materia o nombre geográfico como elemento de entrada Prácticas de la enseñanza
9 (RLIN) 2849
650 #4 - ASIENTO SECUNDARIO DE MATERIA - TERMINO TEMATICO
Término de materia o nombre geográfico como elemento de entrada Relación maestro-estudiante
9 (RLIN) 4168
905 ## - TIPO DE MATERIAL
Tipo de material Libro
Holdings
Estado de retiro Estado de pérdida Fuente del sistema de clasificación o colocación Estado dañado Restricciones de uso No para préstamo Código de colección Localización permanente Ubicación/localización actual Ubicación en estantería Fecha de adquisición Total de préstamos Clasificación Código de barras Fecha visto por última vez Número de copia Tipo de ítem Koha
    Library of Congress Classification   Préstamo por horas   Bibliografía básica Bib. Gregorio Torres Quintero Bib. Gregorio Torres Quintero Colecciones especiales Planta alta 30/01/2023 17 LB5 T47 no.21 145180 31/12/2020 1 Libro por horas